000 00658nam a2200181 a 4500
001 000035719
005 20200930074546.0
008 111109s1947 fr 000 0 fre d
040 _aDO-SdBNP
_bspa
_cBNPHU
082 _axxxx
_bG599s
100 1 _aGoethe, Johann Wolfgang von,
_d1749-1832.
_913439
245 1 4 _aLes souffrances du jeune wertber /
_cGoethe ; préface DʻAntoine Blondi, tradution de B. Groethuysen.
260 _aParis :
_bLe Livre de Poche,
_c1947.
590 _aPerteneció a la biblioteca personal de Juan Isidro Jimenes Grullón
700 1 2 _aBlondi, DʻAntoine,
_epref.
_961651
700 1 2 _aGroethuysen, B.,
_etr.
_961652
049 _aBNGR
999 _c35210
_d35210